Christianisme - Statistiques

Statistiques générales
  • Ce quiz a été pris 34 fois
    3 depuis la dernière actualisation
  • Le résultat moyen est 6 sur 140
Statistiques - réponses
Indices Réponses % Correct
Les Églises chrétiennes sont regroupées en différentes branches, dont à 51% de... Catholiques
100%
11% de chrétiens... Orthodoxes
67%
Les premiers êtres humains créés par Dieu. Adam et Ève
33%
Confession chrétienne du type précédent. Elle est très liée à l'histoire et à la société anglaises. Elle apparaît en 1534 quand le roi d'Angleterre Henri VIII, pour des raisons personnelles, rompt avec la papauté. Anglicanisme
33%
Lieu de sa naissance (à 10 kilomètres au sud de la ville de Jérusalem). Bethléem
33%
Haut dignitaire de l'Église catholique choisi par le pape et chargé de l'assister. Ils forment la plus haute sphère de l'Église romaine. Cardinal
33%
C’est le descendant des apôtres et le patron d'un diocèse (en France, c'est en général un département, sauf exception). Il peut-être nommé par le Pape pour être membre du Sacré Collège. Évêque
33%
Le Christ fut crucifié sur cette colline proche de Jérusalem. Golgotha
33%
Fleuve de son baptême. Jourdain
33%
Jésus pour les chrétiens (mort sur la croix pour purifier l’humanité entière de ses péchés). Messie
33%
Juifs font référence surtout à l’Ancien Testament et, en particulier, à la Torah (versant oral de la Bible hébraïque) et aux les 5 livres. Le texte sacré des Chrétiens est la Bible, composée de l’Ancien Testament et surtout du... Nouveau Testament
33%
Il a le pouvoir de dire la messe et d'administrer les sacrements. Il est clairement au service des autres. Prêtre
33%
37 % avec la branche évangélique des... Protestants
33%
Philosophe et théologien chrétien romain originaire d'Afrique romaine qui, après une carrière de rhéteur, occupe la fonction d'évêque à Hippone. Il est l'un des quatre premiers Pères de l'Église latine à se voir conférer le titre honorifique de docteur de l'Église. Saint Augustin/Augustin d’Hippone
33%
Explicitation documentée, rigoureuse et argumentée de la foi chrétienne. Théologie
33%
Leur nombre. 12
0%
Nombre d'Épîtres de Paul, dont la moitié est l'œuvre de Paul de Tarse. 13
0%
Le nombre de formes essentielles de la parole de Dieu. | Leur nombre reconnus comme canoniques. 4
0%
Nombre de sacrements. 7
0%
Au-dessus du précédent dans la hiérarchie, qui est à la tête d'un monastère ou d'une abbaye. Abbé
0%
Comme le judaïsme, l'islam, le christianisme est une religion monothéiste et... Abrahamique
0%
Dans le paléochristianisme, ce sont un repas à caractère religieux, dont le but est d'entretenir l'« amour » dans la communauté chrétienne locale. Agapes
0%
"Mise à jour" en italien, ce terme fut utilisé pendant le concile de Vatican II (1962-1965) pour désigner une volonté de changement, d’ouverture, de modernité et de sécularisation croissante. Aggiornamento
0%
Évêque de Milan de 374 à sa mort, docteur de l'Église, il est l'un des quatre pères de l'Église latine. Ambroise de Milan/Saint Ambroise
0%
Dans le christianisme, excommunication qui exclut celui qui en est l'objet de la société des fidèles. Condamnation, réprobation sévère ou malédiction visant une personne, ses actes ou ses opinions. Anathème
0%
Créature qui déclenchera l’apocalypse. Cet imposteur maléfique tente de se substituer à Jésus-Christ. Antéchrist
0%
Dernier livre du précédent. Apocalypse
0%
Disciples choisis par Jésus-Christ pour annoncer l'Évangile (la bonne nouvelle). Apôtres
0%
Catégorie d'anges. Ils en constituent le huitième chœur. Ils sont sont juste au-dessus des anges eux-mêmes (comme l'indique le préfixe qui signifie « supérieur »). Archanges
0%
Il est à la tête de plusieurs diocèses. Archevêque
0%
Démon de la Bible chassé par le protecteur des voyageurs vu plus haut. Il donne son nom à une entreprise française de jeux. Asmodée
0%
Fête catholique célébrant la montée au ciel de Marie, mère de Jésus, puis jour chômé par Napoléon pour fêter son anniversaire (15 août). Assomption
0%
Le porteur de lumière et de justice, protecteur des artistes et des énergéticiens. Azraël
0%
Prisonnier détenu par les autorités romaines. Il est décrit comme un criminel, parfois un meurtrier ou insurgé ayant participé à une révolte contre Rome. Le personnage précédent aurait proposé au peuple de choisir entre : libérer Jésus, ou libérer cette personne. La foule aurait demandé la libération de ce dernier, et Jésus fut ensuite condamné à la crucifixion. Barabbas
0%
Prince des démons. Les Philistins anciens l’adoraient sous le nom de "Baal-Zebub". Belzébuth
0%
Fédération de monastères occupés par des moines ou des moniales y suivant la règle de saint Benoît. Elle propose un équilibre entre prière et travail (le refus de l'oisiveté est central et le travail manuel est valorisé). Bénédictins
0%
Sainte catholique, célèbre pour avoir signalé des apparitions de la Vierge dans une grotte de Lourdes en 1858. Bernadette Soubirous
0%
Destruction par le feu, ordonnée par les autorités religieuses, d'objets considérés comme poussant au péché tels que les miroirs, les cosmétiques, les robes richement travaillées, les bijoux, les instruments de musique mais aussi des livres, peintures. Bûcher des vanités
0%
C'est dans cette ville que Jésus fit sa prédication, qui attira une foule nombreuse, avant de se rendre à Jérusalem. À cette époque la ville disposait d'un bureau de douane et d'une petite garnison de soldats romains. Le mot est maintenant une expression qui désigne un endroit très encombré et la ville est située en Galilée, une région d’Israël. Capharnaüm
0%
Jour qui précède le précédent, symbolise le jeûne de Jésus dans le désert. Carême
0%
L'ensemble des actions et paroles destinées à rendre accessible le message chrétien aux enfants, aux jeunes et aux adultes afin d'étayer leur vie chrétienne. Catéchèse
0%
Le dernier repas de Jésus. Cène
0%
Figure d'ange qu'on trouve dans les religions juive et chrétienne. Dans la tradition chrétienne, il est d'une dignité inférieure à celle des précdents. L'iconographie religieuse le représente sous la forme d'une tête d'enfant portée par deux ailes. Chérubin/angelot
0%
Symbole chrétien datant du christianisme primitif. Il est formé des deux lettres grecques superposées Ι (iota) et Χ (khi) — des initiales de Ἰησοῦς Χριστός (« Jésus-Christ ») — puis des deux lettres grecques Χ (khi) et Ρ (rhô) — des deux premières lettres du mot Χριστός (« Christ »). Chrisme
0%
Ordre monastique de droit pontifical. Leur origine remonte à la fondation de l'abbaye de Cîteaux par Robert de Molesme en 1098. Cisterciens
0%
Nom du Ministre de l'Église précédente. Clergyman
0%
L'évêque caresse la joue de l’enfant. Confirmation
0%
Partie du corps de l'homme dont provient la femme. Côte
0%
Croix en forme de X (= croix décussée). Son nom provient de la forme de la Croix qui aurait été utilisée selon la tradition pour supplicier ce saint. Croix de saint André
0%
Vient du latin curatus qui signifie "prendre soin". Il est à la tête d'une paroisse et soumis à l'évêque du diocèse. Curé
0%
Court ensemble écrit d'instructions morales et religieuses reçues, selon les traditions bibliques, de Dieu par Moïse au mont Sinaï. Elles sont gravées sur les Tables de la Loi. Décalogue/Dix commandements
0%
Conseiller occulte (du pape, entre autres). Éminence grise
0%
Ville proche de Jérusalem. Jésus-Christ, qui vient de ressusciter après sa crucifixion, apparaît sur cette route à deux disciples troublés par sa mort. Les deux hommes lui offrent l'hospitalité sans le reconnaître. On parle de "pélerins d'..." Emmaüs
0%
Étude relative au jugement dernier et au salut assigné aux fins dernières de l'homme, de l'histoire et du monde. Escathologie
0%
Célébration du sacrifice du corps et du sang de Jésus Christ présent sous les espèces du pain et du vin. Eucharistie
0%
Écrit en langue grecque qui relate la vie et l'enseignement de Jésus de Nazareth, appelé par les chrétiens Jésus-Christ. Évangile
0%
Ville du Portugal où trois jeunes bergers ont déclaré avoir vu la Vierge Marie en 1917. Cette ville fait depuis lors l’objet du plus grand pèlerinage portugais. Fatima
0%
Ordre religieux catholique apparu en Italie en 1210 sous l'impulsion de saint François d'Assise. Franciscains
0%
Messager de Dieu, il communique la volonté de Dieu aux prophètes, apparaît dans le judaïsme, le christianisme et l'islam. Il est apparu à la Vierge Marie pour lui annoncer qu'elle serait la mère de Jésus. Gabriel
0%
Dans le Nouveau Testament, elle est synonyme de lieu de malédiction, de l'enfer. Géhenne
0%
Magistrat et ecclésiastique romain qui est élu évêque de Rome le 3 septembre 590 après en avoir été l'un des derniers préfets de Rome. Il est l'un des quatre pères de l'Église latine. Grégoire Ier/Grégoire le Grand
0%
Ce roi de Judée, État client de Rome, craignant un futur rival temporel, aurait fait rechercher Jésus pour le mettre à mort. Hérode Ier
0%
Ordre monastique de droit pontifical fondé en référence à saint Jérôme et à sainte Paule sous la règle de saint Augustin. C'est un ordre religieux lié principalement à l'Espagne et partiellement présent au Portugal. Hiéronymites
0%
La prédication au cours de la liturgie. Homélie
0%
Terme désignant chacune des trois personnes de la Trinité, considérées comme substantiellement différentes les unes des autres (le Père, le Fils et l'Esprit saint). Hypostase
0%
Acronyme de l'expression latine Iesvs Nazarenvs, Rex Ivdæorvm généralement traduit par : « Jésus le Nazaréen, roi des Judéens » ou « Jésus le Nazareth, roi des Juifs ». INRI
0%
Doctrine théologique qui conteste le pouvoir royal et le pouvoir du pape. Jansénistes
0%
Leur lieu de vie. Jardin d’Éden
0%
Représenté par un aigle. Jean
0%
Prophète qui a annoncé la venue de Jésus de Nazareth et l'a baptisé sur les bords du fleuve vu précédemment, laissant certains de ses disciples se joindre à lui. Un célèbre tableau de De Vinci le représente. Jean le Baptiste
0%
Le traducteur de la bible en latin et l'un des quatre pères de l'Église latine. Il est le personnage principal d'un tableau du Caravage. Jérôme de Stridon/Saint Jérôme
0%
Congrégation catholique masculine fondée par saint Ignace de Loyola (basque espagnol), saint François Xavier, saint Pierre Favre et les premiers compagnons en 1539. Ils sont au service du pape. Jésuites/Compagnie de Jésus
0%
Date variable, commémorant la montée de Jésus au ciel. Jeudi de l'Ascension
0%
Prophète des trois religions. Dans le judaïsme, il est le cinquième des douze petits prophètes de la Bible. C'est le personnage principal d'un Livre. Il est recueilli dans le ventre d'un « grand poisson » (souvent désigné à tort comme une baleine) durant trois jours et trois nuits. Jonas
0%
Celui aurait trahi Jésus sur le mont des Oliviers. Contre une récompense, il le désigne en lui donnant un baiser sur la joue, ce qui est plus discret que de désigner du doigt. Cela permit à la patrouille de soldats romains venus capturer Jésus de l'identifier. Prenant conscience de son acte, il se serait pendu. Il est un symbole de trahison. Judas
0%
L'annonce brève du message chrétien. Kérygme
0%
Censée être la couronne posée sur la tête du Christ avant la crucifixion. Conservée à Cathédrale Notre-Dame de Paris (désormais protégée ailleurs depuis l’incendie de 2019). La Couronne d’épines
0%
Prière de l'Église catholique d'Occident. Cette prière est récitée dans l'Église latine trois fois par jour, à six heures, à midi et à dix-huit heures, mais cet horaire peut varier selon le travail et les régions. L'angélus
0%
Du grec ancien « cinquantième jour », c'est une fête qui célèbre l'effusion du Saint-Esprit sur un groupe de disciples de Jésus de Nazareth, dont les Douze. Elle se poursuit le lendemain dans certains pays par un lundi férié ou chômé payé. La Pentecôte
0%
Grand bateau construit sur l'ordre de Dieu afin de sauver ce patriarche, sa famille et toutes les espèces animales d'un Déluge sur le point d'arriver. L'arche de Noé
0%
L’une des reliques de la Passion du Christ. Elle est considérée comme étant l’arme qui aurait percé le flanc droit de Jésus lors de sa crucifixion. La Sainte Lance
0%
Vêtement que Jésus aurait porté avant sa crucifixion. Une relique célèbre est conservée à Basilique Saint-Denys d’Argenteuil en France. La Sainte Tunique
0%
Personnage de l'entourage de Jésus, apparaissant dans le Nouveau Testament. Sa résurrection est un miracle de Jésus rapporté uniquement par un Évangile durant lequel ce dernier le ramène à la vie quatre jours après son enterrement. Lazare
0%
Vingt-deuxième livre de l'Ancien Testament et le cinquième des livres poétiques. Il est une suite de poèmes traitant du thème de l'amour et du désir. Le Cantique des cantiques
0%
C’est le lieu où Jésus a prié avant d'être arrêté (épisode de l'« Heure sainte »). Il s'agit selon eux d'un grand domaine qui, durant les fêtes juives, abritait ceux qui ne savaient pas où se loger. Le jardin de Gethsémani
0%
Visiteurs relatant la nativité de Jésus. Il viennent « de l'Orient », suivent l'Étoile de Bethléem pour rendre hommage au « roi des Juifs » qui vient de naître et auquel ils apportent des présents d'une grande richesse symbolique : or, myrrhe et encens. Les Rois mages
0%
Livre deutérocanonique de l'Ancien Testament de la Bible. Il relate comment cette belle et jeune veuve écarte la menace d’une invasion babylonienne en décapitant le général assyrien ennemi Holopherne qui mène une offensive contre la ville de Béthulie sous les ordres du roi Nabuchodonosor et restaure du même coup la foi du peuple juif en la puissance salvatrice de son Dieu. Livre de Judith
0%
Patriarche, neveu d’Abraham qui a échappé à la destruction d'une des villes précentes, et qui a vu sa femme changée en statue de sel. Loth
0%
Représenté par un taureau ailé. Luc
0%
Jour de la semaine où l'on célèbre la résurrection du Christ. Lundi de Pâques
0%
Pupitre élevé dans le chœur d’une église, sur lequel on met les livres dont on se sert pour chanter l’office. Lutrin
0%
Serviteur du grand prêtre Caïphe qui, selon l'Évangile selon Jean, faisait partie de ceux qui avaient été envoyés par Caïphe pour arrêter Jésus au Jardin des Oliviers. Malchus
0%
Image très nette du visage de Jésus-Christ imprimée un voile de 17,5 × 24 cm. Cette relique d'origine inconnue est arrivée dans la ville italienne qui lui donne son nom en 1506, apportée par un pèlerin inconnu, qui a disparu sans laisser de traces. Manoppello
0%
Représenté par un lion. Marc
0%
Jour qui précède le précédent. Traditionnellement, on en profite pour manger des aliments riches (beignets, crêpes, etc.) avant la période de jeûne, d'où le nom. Mardi gras
0%
Elle vient du village de Magdala, situé sur la rive ouest de la mer de Galilée. Un des Évangiles rapporte que Jésus la libéra de sept démons. Elle est tout naturellement intégrée au groupe des femmes qui suit Jésus, en parallèle du groupe des disciples, depuis la Galilée. Marie-Madeleine/Marie de Magdala
0%
Patriarche et une figure du judaïsme, du christianisme. Il est célèbre pour être la personne la plus âgée mentionnée dans l'Ancien Testament. Selon la Bible, il aurait vécu 969 années. Mathusalem
0%
Représenté par un homme ailé ou un ange. Matthieu
0%
Leurs noms. Melchior, Gaspardet Balthazar
0%
Institut religieux de pénitents de spiritualité pénitentielle, fondé en 1436 par saint François de Paule (1416-1507), et approuvé en 1474 par les autorités ecclésiastiques. À l'exemple du fondateur, les prêtres et frères de l'institut cherchent à vivre une vie de pénitence perpétuelle dans un grand dépouillement évangélique. Minimes
0%
Expression qui fait référence à l’interdiction, par l’Eglise catholique, de certains ouvrages jugés impurs, notamment ceux traitant de magie, de sorcellerie ou d’hérésie. Ces textes considérés comme blasphématoires ont été répertoriés dans un catalogue dont le nom signifie le Registre des livres interdits en latin. Mise à l’index
0%
Livre liturgique du rite catholique romain dans lequel on trouve tous les textes nécessaires à la célébration de la messe : chants, lectures, prières, Eucharistie... Missel
0%
Envoyés des souverains carolingiens, qui étaient chargés de la surveillance des autorités locales. Ils allaient par deux, faisaient leurs tournées quatre fois par an, rendaient la justice et redressaient les abus. Ils n'existèrent qu'au IXe siècle. Missi dominici
0%
Première étape dans la hiérarchie ecclésiastique et vivant souvent en communauté dans un monastère. Moine/Moniale
0%
Appelée également « jugement de Dieu », c'était une forme de procès à caractère religieux, issue des coutumes franques mais probablement aussi de l'Ancien Testament, qui consistait à soumettre un suspect à une épreuve, douloureuse voire potentiellement mortelle, dont l'issue, théoriquement déterminée par une divinité ou Dieu lui-même, permettait de conclure à la culpabilité ou à l’innocence dudit suspect. Ex : par fer rouge, eau bouillante, eau froide, du pain et du fromage, par piqûre. Ordalie
0%
Pierre lui coupa cette partie du corps d'un coup de son épée lors de l'échauffourée liée à l'arrestation. Oreille
0%
Christ représenté en majesté, par opposition au Christ souffrant sur la croix. Pantocrator
0%
Personnage légendaire, qui, au IXe siècle, aurait accédé à la papauté en se faisant passer pour un homme. Son pontificat sous le nom de Jean VIII est placé entre 855 et 858. L'imposture aurait été révélée quand elle aurait accouché en public lors d'une procession de la Fête-Dieu. Papesse Jeanne
0%
Notion chrétienne qui désigne la « seconde venue » du Christ sur la Terre dans sa gloire, la première étant sa naissance. Parousie
0%
Ministre de la religion précédente. Pasteur
0%
Haut dirigeant d’une Église chrétienne (surtout dans une branche en particulier). Patriarche
0%
Juif et citoyen romain de naissance, il persécute les disciples de Jésus de Nazareth avant de devenir l’apôtre de ce dernier, bien qu'il n'appartienne pas au cercle des apôtres. Il devient dès lors le principal artisan de la diffusion du christianisme en Asie mineure et en Grèce, puis à Rome. Ses lettres, écrites avant les Évangiles, sont les documents les plus anciens du christianisme. Paul de Tarse/Saint Paul
0%
C'est l'ensemble des cinq premiers livres de la Bible. Pentateuque
0%
Le fruit interdit. Pomme
0%
Préfet de Judée à partir de 26, alors qu'il a moins de trente ans. Il est avant tout connu pour les exécutions de Jésus de Nazareth qu'il aurait interrogé avant d'ordonner son exécution. Il se « lave les mains » pour marquer qu'il refuse de prendre la responsabilité de la condamnation de Jésus. Ponce Pilate
0%
Nom donné au prêtre des Églises orthodoxes slaves. Pope
0%
Jésus pour les Juifs (le véritable sauveur est toujours attendu, il viendra sur Terre pour les sauver). Prophète
0%
Cantiques sacrés, au nombre de 150. Psaumes
0%
Mot qui signifiait « espace de quarante jours » correspondant à la période précédente. Quarantaine
0%
Protecteur des voyageurs mentionné dans le Livre de Tobie de la Bible. Raphaël
0%
Nom donné aux fragments issus de la crucifiction de Jésus. La découverte est traditionnellement attribuée à Hélène au IVe siècle. Sainte Croix
0%
Notion religieuse qui désigne toute représentation du visage du Christ (reliques ou images). Sainte Face
0%
Issue d'une illustre famille du Brabant, elle fut traînée devant l'autel par ses parents pour qu'elle épouse un beau parti, le chevalier Simon. Elle refuse et devient ensuite religieuse au couvent de Prémontré à Rivreulle dans le Brabant belge, dont elle devint la prieure. Sainte Odette
0%
Celui qui a écrit le dernier livre. Saint Jean
0%
Père adoptif de Jésus. Saint Joseph
0%
Nom donné à différentes reliques relatives à la circoncision de Jésus de Nazareth. Sa détention a été revendiquée par plusieurs lieux de culte chrétiens notamment le village italien de Calcata. Saint Prépuce
0%
Le tombeau vide du Christ situé à Jérusalem. Saint-Sépulcre
0%
Linceul supposé avoir enveloppé le corps de Jésus après sa mort. Saint Suaire
0%
Nom donné aux représentations du Christ portant un orbe dans sa main gauche tout en utilisant sa main droite pour bénir. Une peinture exploitant ce motif a été attribuée ou réattribuée à Léonard de Vinci en 2011. Salvator Mundi
0%
Processus historique, social et culturel par lequel la religion perd progressivement de son autorité, de sa place, et de son influence dans les différentes sphères de la vie sociale. Sécularisation
0%
Ce sont des créatures célestes ailées, possédant trois paires d'ailes, que l'on trouve dans la Bible autour du trône de Dieu. Séraphins
0%
Consiste en l’achat ou la vente de biens spirituels, de sacrements, de postes hiérarchiques, de charges ecclésiastiques ou de services intellectuels. Elle doit son nom à un personnage des Actes des Apôtres, Simon le Magicien, qui voulut acheter à saint Pierre son pouvoir de faire des miracles. Simonie
0%
Villes mentionnées dans la Bible. La tradition biblique les situe au sud de la mer Morte, dans l'actuelle Jordanie. Elles sont détruites par le soufre et le feu, victimes de la colère divine, pour des péchés dont la nature est débattue — l'orgueil, l'inhospitalité, l'abus sexuel ou encore l'homosexualité. Sodome et Gomorrhe
0%
Épisode de la Bible où les Hommes parlent tous une seule et unique langue depuis la naissance du monde. Sous la direction du roi Nimrod, ils décident de construire une ville et cette construction qui toucherait le ciel pour montrer leur puissance et égaler Dieu. Tour de Babel
0%
Fête catholique célébrant tous les saints (1er novembre). Toussaint
0%
Un des plus célèbres est le celui de... Turin
0%
Jour de la semaine précédant le dimanche de Pâques. Il marque le jour de la crucifixion et de la mort de Jésus-Christ. Vendredi saint
0%
Il s'agit d'une femme pieuse de Jérusalem qui, poussée par la compassion lorsque Jésus-Christ portait sa croix, lui donna son voile pour qu'il pût s'essuyer le front. Jésus accepta et, après s'en être servi, le lui rendit avec l'image de son visage qui s'y était miraculeusement imprimée. Véronique/Bérénice
0%
Ses parents se nomment Anne et Joachim. C'est la mère de Jésus. Vierge Marie
0%
Aucun quiz correspondant
Distribution des résultats
% des personnes avec chaque résultat
Percentile par nombre de réponses
Votre historique - résultats
Vous n’avez pas pris ce quiz depuis la dernière actualisation